000 00967cam a2200217 4500
001 WB3801-45
008 020109n2002 000 0 eng u
035 _a(Sirsi) u116208
245 _aRICS announces first NVQ successes
260 _c2002
490 _aRICS News Service
_v18 December 2001, (1)
520 _aRICS has announced that its first set of candidates have achieved their NVQs through the Property, Architecture and Construction Services NVQ Assessment Centre. Most of these candidates are now proceeding to the final assessment of the Assessment of Technical Competence and will shortly become TechRICS members of the RICS. For details on how to attain TechRICS membership of RICS via NVQs, T: +44 (0) 870 333 1600; or email: [email protected]
590 _aWB
650 _aNVQS
650 _aCAREERS, EDUCATION AND TRAINING
650 _aTECHRICS
650 _aATC
650 _aQUALIFICATIONS
690 _aRICS NEWS
942 _n0
999 _c69229
_d69229